Muscles of lower limb - Groups - Statistics

General Stats
  • This quiz has been taken 25 times
  • The average score is 15 of 47
Answer Stats
Answer % Correct
Gluteus maximus
85%
Gluteus minimus
80%
Gluteus medius
70%
Psoas major (part of Iliopsoas)
70%
Gracilis
65%
Semimembranosus
65%
Adductor magnus
60%
Biceps femoris
60%
Iliacus (part of Iliopsoas)
60%
Semitendinosus
60%
Sartorius
55%
Piriformis
50%
Adductor brevis
45%
Adductor longus
45%
Tibialis anterior
45%
Pectineus
40%
Psoas minor
40%
Fibularis (peroneus) brevis
35%
Fibularis (peroneus) longus
35%
Flexor digitorum longus
35%
Plantaris
30%
Quadriceps femoris
30%
Tibialis posterior
30%
Extensor digitorum brevis
25%
Extensor digitorum longus
25%
Extensor halluccis longus
25%
Flexor digitorum brevis
25%
Abductor hallucis
20%
Extensor hallucis brevis
20%
Flexor hallucis longus
20%
Obturator internus
20%
Quadratus femoris
15%
Abductor digiti minimi
10%
Adductor hallucis
10%
Dorsal interossei
10%
Flexor hallucis brevis
10%
Gemellus inferior
10%
Gemellus superior
10%
Obturatorius externus
10%
Popliteus
10%
Tensor fascie latae
10%
Fibularis (peroneus) tertius
5%
Triceps surae
5%
Flexor digiti minimi brevis
0%
Lumbricals
0%
Plantar interossei
0%
Quadratus plantae
0%
No matching quizzes found
Score Distribution
Percent of People with Each Score
Percentile by Number Answered
Your Score History
You have not taken this quiz